Complete Investor: Practical, Authoritative, and Proven Strategies or Building Wealth and Winning in the Market

Sparad:
Bibliografiska uppgifter
Huvudupphovsman: Bens, Christine
Materialtyp: Bok
Språk:Undetermined
Publicerad: Hoboken John & wiley 2006
Ämnen:
Taggar: Lägg till en tagg
Inga taggar, Lägg till första taggen!
Thư viện lưu trữ: Trung tâm Học liệu Trường Đại học Cần Thơ
LEADER 00643nam a2200205Ia 4500
001 CTU_163725
008 210402s9999 xx 000 0 und d
020 |c 5.28 
082 |a 332.6 
082 |b B474 
100 |a Bens, Christine 
245 0 |a Complete Investor: 
245 0 |b Practical, Authoritative, and Proven Strategies or Building Wealth and Winning in the Market 
245 0 |c Christine Bens, Pat Dorsey 
260 |a Hoboken 
260 |b John & wiley 
260 |c 2006 
650 |a Investments,Investment analysis,Phân tích đầu tư 
910 |a Nguyên 
980 |a Trung tâm Học liệu Trường Đại học Cần Thơ